[Event "Edmonton International Open"]
[Site "Edmonton"]
[Date "2016.06.26"]
[Round "4.8"]
[White "Koperski, Dustin"]
[Black "Zita, Matthew"]
[Result "1/2-1/2"]
[WhiteElo "1683"]
[BlackElo "1639"]
[PlyCount "133"]
[EventDate "2016.06.24"]
[EventType "swiss"]
[EventRounds "5"]
[EventCountry "CAN"]

1. e4 c5 2. d4 cxd4 3. c3 dxc3 4. Nxc3 d6 5. Nf3 Nc6 6. Bc4 e6 7. O-O Be7 8.
Qe2 Nf6 9. Rd1 Bd7 10. Be3 a6 11. Rac1 O-O 12. Bb3 b5 13. Bf4 e5 14. Bg5 Na5
15. Bxf6 Nxb3 16. axb3 Bxf6 17. Rxd6 Qe7 18. Rdd1 Be6 19. Nd5 Bxd5 20. Rxd5
Rac8 21. Qe3 Rfd8 22. Rxd8+ Qxd8 23. Rxc8 Qxc8 24. Qc3 Qe6 25. h3 h6 26. Nd2
Bd8 27. b4 Bb6 28. Nb3 Qd6 29. Qc8+ Kh7 30. Qf5+ Kg8 31. Qc8+ Qd8 32. Qxd8+
Bxd8 33. Nc5 Bb6 34. Nxa6 Kf8 35. Nc5 Ke7 36. Kf1 Kd6 37. Nd3 g6 38. g4 Bd4 39.
f3 Ke6 40. b3 Bc3 41. Kf2 Bd2 42. Nc5+ Ke7 43. Nd3 Kf6 44. Kg3 Ke6 45. Kf2 Kd6
46. Ke2 Bg5 47. Nc5 Be7 48. Kf2 g5 49. Nd3 f6 50. Ke2 Kc6 51. Kd2 Kb6 52. Kc3
Kc6 53. Nf2 Bf8 54. Nh1 Kd7 55. Ng3 Ke6 56. Nf5 Kd7 57. Ne3 Bd6 58. Nd5 Be7 59.
Kd3 Bd8 60. Kd2 Kd6 61. Kc3 Kd7 62. Ne3 Be7 63. Nd5 Bd8 64. Ne3 Be7 65. Nf5 Bf8
66. Ng3 Kd6 67. Nf5+ 1/2-1/2

[Event "Edmonton International Open"]
[Site "Edmonton"]
[Date "2016.06.26"]
[Round "5.1"]
[White "Briones, Dante"]
[Black "Gardner, Robert"]
[Result "0-1"]
[WhiteElo "2037"]
[BlackElo "2240"]
[PlyCount "60"]
[EventDate "2016.06.24"]
[EventType "swiss"]
[EventRounds "5"]
[EventCountry "CAN"]

1. e4 c5 2. Nf3 e6 3. d4 cxd4 4. Nxd4 Nc6 5. Nc3 a6 6. Nxc6 bxc6 7. Bd3 d5 8.
exd5 cxd5 9. O-O Nf6 10. Re1 Be7 11. Bf4 O-O 12. Qf3 a5 13. Rad1 Ba6 14. Nb5 a4
15. c4 Bxb5 16. cxb5 a3 17. b3 Bb4 18. Rf1 Rc8 19. Be5 Bd6 20. Bxd6 Qxd6 21.
Rc1 e5 22. Qh3 Rc5 23. Rfd1 e4 24. Bf1 d4 25. Rxc5 Qxc5 26. Bc4 d3 27. Kf1 Qd4
28. f3 Qb2 29. Re1 e3 30. Rxe3 Qc1+ 0-1

[Event "Edmonton International Open"]
[Site "Edmonton"]
[Date "2016.06.26"]
[Round "5.2"]
[White "Daniluk, Jim"]
[Black "Rekhson, Vladislav"]
[Result "0-1"]
[WhiteElo "1948"]
[BlackElo "2211"]
[PlyCount "54"]
[EventDate "2016.06.24"]
[EventType "swiss"]
[EventRounds "5"]
[EventCountry "CAN"]

1. c4 Nf6 2. Nc3 g6 3. g3 Bg7 4. Bg2 O-O 5. Nf3 d6 6. d4 Nbd7 7. O-O c5 8. d5
Ng4 9. h3 Nge5 10. Nd2 Nb6 11. Qb3 f5 12. f4 Nf7 13. Nf3 e5 14. h4 exf4 15.
gxf4 Re8 16. a4 Nd7 17. Ng5 Nf6 18. Ne6 Bxe6 19. dxe6 Rxe6 20. Qxb7 Rb8 21. Qf3
Ng4 22. Qg3 Rb3 23. Bd5 Rxe2 24. Nxe2 Rxg3+ 25. Nxg3 Qxh4 26. Kg2 Qh2+ 27. Kf3
Qc2 0-1

[Event "Edmonton International Open"]
[Site "Edmonton"]
[Date "2016.06.26"]
[Round "5.3"]
[White "Dave, Bhavik"]
[Black "Ludwig, Michael"]
[Result "0-1"]
[WhiteElo "1844"]
[BlackElo "1688"]
[PlyCount "50"]
[EventDate "2016.06.24"]
[EventType "swiss"]
[EventRounds "5"]
[EventCountry "CAN"]

1. d4 Nf6 2. c4 e6 3. Nc3 Bb4 4. Qc2 d5 5. cxd5 exd5 6. Bg5 h6 7. Bh4 g5 8. Bg3
Ne4 9. e3 Bxc3+ 10. bxc3 Bf5 11. Bd3 Nxg3 12. hxg3 Bxd3 13. Qxd3 Qf6 14. Nf3 c6
15. Rb1 b6 16. a4 Nd7 17. Qa6 O-O 18. Qb7 Qd6 19. Ne5 Nxe5 20. dxe5 Qxe5 21.
Qxc6 Rfc8 22. Qxh6 Qxc3+ 23. Ke2 Qc2+ 24. Kf3 Qf5+ 25. Ke2 Rc2+ 0-1

[Event "Edmonton International Open"]
[Site "Edmonton"]
[Date "2016.06.26"]
[Round "5.4"]
[White "Ludwig, David"]
[Black "Yao, David"]
[Result "1/2-1/2"]
[WhiteElo "1840"]
[BlackElo "1802"]
[PlyCount "97"]
[EventDate "2016.06.24"]
[EventType "swiss"]
[EventRounds "5"]
[EventCountry "CAN"]

1. c4 Nf6 2. Nc3 d6 3. Nf3 g6 4. g3 Bg7 5. Bg2 O-O 6. O-O c6 7. d4 Nbd7 8. e4
e5 9. dxe5 dxe5 10. Qe2 Qc7 11. h3 b6 12. Be3 Bb7 13. Nd2 Rfd8 14. f4 Nh5 15.
Qf2 exf4 16. gxf4 Nc5 17. Bxc5 bxc5 18. e5 Rd3 19. Nde4 Bc8 20. Rad1 Rxh3 21.
Bxh3 Bxh3 22. Rfe1 Qc8 23. Qh4 Qf5 24. Qg5 Qxf4 25. Qxf4 Nxf4 26. Nxc5 Re8 27.
N5e4 Ne6 28. Nf6+ Bxf6 29. exf6 Rb8 30. Rd7 Ng5 31. Rd3 Be6 32. b3 h5 33. Red1
Kh7 34. Kg2 Kh6 35. Rd8 Rxd8 36. Rxd8 Nh7 37. Ra8 Nxf6 38. Rxa7 h4 39. Rc7 g5
40. Rxc6 h3+ 41. Kh1 g4 42. Rxe6 fxe6 43. c5 Kg5 44. c6 g3 45. c7 Ng4 46. Ne4+
Kf4 47. c8=Q Kxe4 48. Qxe6+ Kf4 49. Qc4+ 1/2-1/2

[Event "Edmonton International Open"]
[Site "Edmonton"]
[Date "2016.06.26"]
[Round "5.5"]
[White "Wang, Kaixin"]
[Black "Zeggelaar, Mike"]
[Result "1-0"]
[WhiteElo "1853"]
[BlackElo "1977"]
[PlyCount "69"]
[EventDate "2016.06.24"]
[EventType "swiss"]
[EventRounds "5"]
[EventCountry "CAN"]

1. d4 Nf6 2. Nf3 c5 3. d5 e6 4. c4 exd5 5. cxd5 d6 6. Nc3 g6 7. e4 a6 8. Be2 b5
9. a3 Bg4 10. O-O Bg7 11. Bf4 O-O 12. h3 Bxf3 13. Bxf3 Re8 14. Rc1 Ra7 15. Re1
Rae7 16. b4 c4 17. Qc2 Qb6 18. Be3 Qc7 19. Bd4 Nbd7 20. g3 Ne5 21. Be2 Nfd7 22.
Be3 Nf6 23. Bd4 Qd7 24. Kg2 Qb7 25. f4 Nxe4 26. Nxe4 Qxd5 27. Bxe5 dxe5 28. Bf3
Qd8 29. Rcd1 Qb8 30. f5 gxf5 31. Nd6 e4 32. Bh5 Rd8 33. Nxf5 Rd3 34. Nxe7+ Kh8
35. Rxd3 1-0

[Event "Edmonton International Open"]
[Site "Edmonton"]
[Date "2016.06.26"]
[Round "5.6"]
[White "Pedersen, Rick"]
[Black "Young, Joseph"]
[Result "1/2-1/2"]
[WhiteElo "1869"]
[BlackElo "1824"]
[PlyCount "74"]
[EventDate "2016.06.24"]
[EventType "swiss"]
[EventRounds "5"]
[EventCountry "CAN"]

1. e4 c5 2. Nf3 d6 3. d4 cxd4 4. Nxd4 Nf6 5. Nc3 g6 6. Bc4 Bg7 7. O-O O-O 8.
Bb3 Nc6 9. Nxc6 bxc6 10. Qe2 a5 11. Rd1 Qc7 12. h3 Nd7 13. Be3 Ne5 14. f4 Ba6
15. Qf2 Nc4 16. Bxc4 Bxc4 17. Bd4 Bxd4 18. Rxd4 Ba6 19. Rad1 Kh8 20. f5 gxf5
21. exf5 f6 22. Rh4 Rg8 23. Ne2 Bxe2 24. Qxe2 Qb6+ 25. Kh1 Rg7 26. b3 Qc5 27.
c4 Qxf5 28. Rf1 Qc5 29. Re4 Qa7 30. Re1 Re8 31. Qh5 Reg8 32. R4e2 c5 33. Qf5
Qb7 34. Qc2 Qc7 35. Rf1 Qc6 36. Rff2 Qc7 37. Qd2 Qd8 1/2-1/2

[Event "Edmonton International Open"]
[Site "Edmonton"]
[Date "2016.06.26"]
[Round "5.7"]
[White "Taranik, Alexey"]
[Black "Zita, Matthew"]
[Result "0-1"]
[WhiteElo "1686"]
[BlackElo "1639"]
[PlyCount "102"]
[EventDate "2016.06.24"]
[EventType "swiss"]
[EventRounds "5"]
[EventCountry "CAN"]

1. e4 c5 2. Nf3 d6 3. d3 Nf6 4. g3 Nc6 5. Bg2 g6 6. O-O Bg7 7. c3 O-O 8. h3 Rb8
9. Re1 Qc7 10. d4 Rd8 11. d5 Na5 12. Qe2 b5 13. Nbd2 Nd7 14. Nb3 Nc4 15. Nfd2
Ndb6 16. Nxc4 Nxc4 17. Nd2 Ne5 18. f4 Nd7 19. Nf3 c4 20. Nd4 Bb7 21. Nxb5 Qb6+
22. Nd4 Bxd4+ 23. cxd4 Ba6 24. Qf2 Rdc8 25. Qe3 Qb4 26. Qc3 Rc7 27. Qxb4 Rxb4
28. Re3 Nb6 29. e5 Na4 30. Ra3 Bc8 31. exd6 exd6 32. Re3 Nxb2 33. Bxb2 Rxb2 34.
Rc3 Bf5 35. Rac1 Rxa2 36. Rxc4 Rxc4 37. Rxc4 Kf8 38. Rc6 Ke7 39. Rc7+ Ke8 40.
g4 Bd7 41. Kh2 a5 42. Kg3 Rd2 43. Ra7 a4 44. f5 f6 45. Ra8+ Ke7 46. Rh8 gxf5
47. Rxh7+ Kd8 48. gxf5 a3 49. Rh8+ Be8 50. Rh7 Rxd4 51. Ra7 Ra4 0-1